000 00351nam a22001457a 4500
020 _a81-207-2504-2
082 _a900
_bCHO/C
100 _aCHOPRA, P.N
100 _aPURI, B.N
245 _aA COMPREHENSIVE HISTORY OF ANCIENT INDIA
260 _aDELHI
_bSTERLING PUBLISHERS
_c2005
300 _a278
650 _aHISTORY REFERENCE
_zINDIA
942 _cBK
999 _c1537
_d1537